000 01364nam0a2200301 4500
001 RU\NLR\bibl\151937
005 20250618051340.0
020 _aRU-7221
_9Летопись авторефератов диссертаций
021 _aRU
_b98-07951a
035 _a(NLR Aleph) 000148944
090 _a854374
_c854374
100 _a20000615d1998 |||y0rusy50 ca
101 0 _arus
102 _aRU
105 _aa dm |||||
200 1 _aИсследование процесса гибки тонкостенных профилей из листовых композиционных материалов
_eДис. в виде науч. докл. на соиск. учен. степ. к.т.н.
_eСпец. 05.03.05
_fСамар. гос. аэрокосмич. ун-т им. С.П. Королева
210 _aСамара
_d1998
215 _a26 с.
_cил.
_d21
320 _aБиблиогр.: с. 24-26 (18 назв.)
610 0 _aТехнические науки - Машиностроение и машиноведение. Обработка конструкционных материалов
686 _a05.03.05
_2oksvnk
700 1 _aХасис
_bЛ. А.
_gЛев Аронович
801 0 _aRU
_bRKP
_c20000615
_gPSBO
801 1 _aRU
_bRKP
_c20000615
801 2 _aRU
_bNLR
_c20010515
_grcr
852 _aNLR
_jА98/7951
942 _cBOOK
980 _aNB